000 00946nam a2200289 i 4500
001 103585
003 ES-MaACL
005 20240520181647.0
007 t|
008 060418s1998 sp ||||1| spa d
020 _a84-01-53029-6
080 _a929 Franco Bahamonde, Francisco
080 _a929 Juan Carlos (460) I
080 _a946.0"1939/75"
100 1 _aVilallonga, José Luis de.
_9114766
245 1 0 _aFranco y el rey
_b: la espera y la esperanza /
_cVilallonga.
250 _a1ª ed.
260 _aBarcelona :
_bPlaza & Janés,
_c1998.
300 _a293 p., [32] p. de lám. ;
_c22 cm.
490 1 _aAsí fue ;
_v29
600 1 4 _aFranco Bahamonde, Francisco,
_d1892-1975
_952240
600 0 4 _aJuan Carlos
_bI,
_cRey de España
_967108
651 4 _aEspaña-
_xHistoria-
_y1939-1975, Dictadura.
_9167928
830 0 _aAsí fue ;
_v29
_9179780
852 _aES-MaACL
_jC-56906
_bR.130869
999 _c103585
_d103585